El clima en las instituciones de educación superior /

Bibliographic Details
Main Author: Asensio Muñoz, Inmaculada
Other Authors: Fernández Días, María José
Format: Libro
Language:English

MARC

LEADER 00000cam a2200000 a 4500
001 040040
003 UAHC_CL
005 20170803124422.0
008 060714b xx j 000 1 eng
040 |a UAHC_CL  |c UAHC_CL  |d UAHC_CL 
100 1 |a Asensio Muñoz, Inmaculada 
245 1 3 |a El clima en las instituciones de educación superior /  |c Inmaculada Asensio, María José Fernández. 
500 |a Revista Complutense de Educación. --Vol. 2, Nº3 (1991) pp. 501-518. 
700 1 |a Fernández Días, María José 
900 |a REV. COMPLUT. EDUC.-03/91 
942 |c BK 
999 |c 40040  |d 40040